| 000 | 00484nam a2200193 a 4500 | ||
|---|---|---|---|
| 001 | 2379 | ||
| 003 | CO-ViMGA | ||
| 008 | 141112s2004 ck r 000 u spa d | ||
| 040 |
_aCO-ViMGA _bspa _cCO-ViMGA |
||
| 082 | 0 | 4 | _aLORv |
| 100 | 1 |
_aLorman, Josep _951237 |
|
| 245 | 1 | 0 | _aEl vampiro del torreón |
| 260 |
_aMadrid : _bAnaya, _c1995 |
||
| 300 | _a125 p : il | ||
| 490 | _aEl duende verde, 76 | ||
| 590 | _aEjemplares : 2 | ||
| 650 | 1 | 4 |
_aCUENTOS INFANTILES _92743 |
| 942 |
_2ddc _cBK |
||
| 999 |
_c14478 _d14478 |
||